Statistiche per Personaggi iconici di Film, Romanzi e Saghe

Clicka qui per fare il quiz!

Statistiche generali

  • Questo quiz è stato fatto 1.317 volte
  • Il punteggio medio è 17 su 32

Statistiche sulle risposte

PersonaggioFilm/Libro/Saga% Corretto
VoldemortHarry Potter
98%
Jack SparrowPirati dei Caraibi
93%
GandalfIl Signore degli Anelli
92%
JokerBatman
90%
Willy WonkaLa Fabbrica di Cioccolato
88%
Grillo ParlantePinocchio
84%
Darth VaderStar Wars
83%
Dorian GrayIl Ritratto di Dorian Gray
81%
Renzo TramaglinoI Promessi Sposi
77%
D'ArtagnanI Tre Moschettieri
74%
Zeno CosiniLa Coscienza di Zeno
66%
Katniss EverdeenHunger Games
65%
Dottor John H. WatsonSherlock Holmes
65%
Marty McFlyRitorno al Futuro
59%
NeoThe Matrix
55%
Dorothy GaleIl Mago di Oz
52%
Elizabeth BennetOrgoglio e Pregiudizio
45%
Jack DawsonTitanic
44%
MysticaX-Men
43%
Freddy KruegerNightmare
41%
Jo MarchPiccole Donne
41%
Miranda PrisleyIl Diavolo Veste Prada
39%
Samara MorganThe Ring
37%
Rossella O'HaraVia Col Vento
37%
Mia WallacePulp Fiction
34%
NeytiriAvatar
27%
Holden CaulfieldIl Giovane Holden
27%
Jack TorranceShining
26%
Ethan HuntMission Impossible
23%
Anne ShirleyAnna dai Capelli Rossi
20%
Guglielmo da BaskervilleIl Nome della Rosa
20%
Giannino StoppaniIl Giornalino di Gian Burrasca
10%

Distribuzione punteggi

Percentile per numero di risposta

Percentuale di utenti per punteggio

I tuoi punteggi nel tempo

Non hai fatto questo quiz